000 00381nam a2200109Ia 4500
008 171211s9999 xx 000 0 und d
245 4 _aThe Concise Encyclopedia of Foods & Nutrition
245 _cAudrey H. Ensminger, James E. Konlande, and Marion Eugene Ensminger
260 _c1995
650 _xEncyclopedia and Dictionary
856 _uhttp://down.ebook777.com/057/0849344557.pdf
999 _c350171
_d350171